LEADER 01577nam1 2200481 450 001 990003509370203316 005 20110304135150.0 035 $a000350937 035 $aUSA01000350937 035 $a(ALEPH)000350937USA01 035 $a000350937 100 $a20110304d1972----km-y0itay50------ba 101 $aita 102 $aIT 105 $a||||||||001yy 200 1 $aCarteggio Marx-Engels 205 $a3. ed 210 $aRoma$cEditori Riuniti$d1972 215 $a6 v.$d18 cm 225 2 $a<> idee 410 0$1001$12001$a<> idee 463 \1$1001990003509410203316$12001 $a<> 1844-1851 463 \1$1001990003509420203316$12001 $a<> 1852-1856 463 \1$1001990003509440203316$12001 $a<> 1857-1860 463 \1$1001990003509470203316$12001 $a<> 1861-1866 463 \1$1001990003509510203316$12001 $a<> 1867-1869 463 \1$1001990003509550203316$12001 $a<> 1870-1883 600 1$aMarx,$bKarl$xLettere e carteggi 600 1$aEngels,$bFriedrich$xLettere e carteggi 676 $a335.4092 700 1$aMARX,$bKarl$f<1818-1883>$032587 701 1$aENGELS,$bFriedrich$036926 801 0$aIT$bsalbc$gISBD 912 $a990003509370203316 951 $aDSSP SANT 335.409 MAR$bDSSP 959 $aBK 969 $aDSSP 979 $aDSSP1$b90$c20110304$lUSA01$h1349 979 $aDSSP1$b90$c20110304$lUSA01$h1351 979 $aANNAMARIA$b90$c20160216$lUSA01$h1215 979 $aANNAMARIA$b90$c20160216$lUSA01$h1215 996 $aCarteggio Marx-Engels$9545090 997 $aUNISA LEADER 00790nam0-22002771i-450- 001 990003346950403321 005 20111207164419.0 035 $a000334695 035 $aFED01000334695 035 $a(Aleph)000334695FED01 035 $a000334695 100 $a20030910d1964----km-y0itay50------ba 101 0 $aeng 102 $aGB 105 $ay-------001yy 200 1 $a<>prelude, or, growth of a poet's mind$fWilliam Wordsworth 210 $aOxford$cOxford University Press$d1964 676 $a710 700 1$aWordsworth,$bWilliam$f<1770-1850>$0163540 801 0$aIT$bUNINA$gRICA$2UNIMARC 901 $aBK 912 $a990003346950403321 952 $a710 WOR /1$bLINGUE 032939$fDECLI 959 $aDECLI 996 $aPrelude, or Growth of a poet's mind$9237524 997 $aUNINA